000 00585nam a2200193Ia 4500
005 20260114185551.0
008 008 260114s9999 xx 000 0 eng d
020 _a9781350160682
037 _aEBOOK
040 _aCRL
_beng
_cCRL
041 _aeng
_2eng
084 _qCRL
100 _aBrigid O'Keeffe
_9871649
245 0 _aEsperanto and Languages of Internationalism in Revolutionary Russia
260 _bBloomsbury
_c2021
856 _uhttps://doi.org/10.5040/9781350160682?locatt=label:secondary_bloomsburyCollections
942 _cEBOOK
999 _c1470597
_d1470597